LEADER 00879nam a2200205 i 4500 001 000000214525 003 CaOOAMICUS 005 20220518144325.0 008 120724s1883 fr u000 u fre u 013 $a193396 040 $aSeMil$bita 100 1 $aMoigno, François,$d<1804-1884>.$0(OLS)http://semarc/name/12312 245 10$a4: La foi et la raison :$bAvec deux grandes préfaces : L'auteur ; L'ouvrage, son résumé complet. 250 $a3. éd. 300 $a717, 27 p. 773 0 $aMoigno, François <1804-1884>$tSplendeurs de la foi.$dParis : Blériot et Gautier, 1881-1885.$g4$w()27112 850 $aSeMil 852 $aSeMil$W1$xVenegono$y1$m2B III 7 FA$j164947$B164947$CSeMilBibl$Z2$F175978 $8I 996 $6245$a4: La foi et la raison :$bAvec deux grandes préfaces : L'auteur ; L'ouvrage, son résumé complet$9(OLS)http://semarc/title/309082 LEADER 01420nam a2200313 i 4500 001 000000185964 003 CaOOAMICUS 005 20100218000000.0 008 100218s1935 it u000 u mul u 013 $a164001 040 $aSeMil$bita 100 0 $aAugustinus, Aurelius,$c.$0(OLS)http://semarc/name/498 245 13$aIl discorso della montagna /$cSant' Aurelio Agostino ; testo, introduzione e note del p. Domenico Bassi barnabita. 260 $aTorino :$bSocietà Editrice Internazionale,$c1935. 300 $aXXXIV, 378 p. ;$c22 cm. 490 0 $aCorona Patrum : collezione di testi patristici greci, latini e orientali 490 0 $aCorona Patrum Salesiana. Serie latina ;$v1. 500 $aTesto in lingua originale con traduzione italiana a fronte. 700 1 $aBassi, Domenico,$d<1875-1940>.$0(OLS)http://semarc/name/25179 830 0$aCorona Patrum.$0(OLS)http://semarc/title/596 830 0$aCorona Patrum Salesiana. Serie latina ;$v1.$0(OLS)http://semarc/title/30746 850 $aSeMil 852 $aSeMil$W1$xVenegono$y1$m2T I 151$j136651$B136651$CSeMilBibl$Z2$F148210 $81 900 1 $aAgostino : d'Ippona. 900 1 $aSant'Agostino. 996 $6245$aIl discorso della montagna$9(OLS)http://semarc/title/55637 996 $6260$aTorino :$bSocietà Editrice Internazionale$9(OLS)http://semarc/publisher/29847